| Tag |
First Indicator |
Second Indicator |
Subfields |
| LEADER |
00000pam a2200000 4500 |
| 001 |
in00000337692 |
| 005 |
20151011051909.0 |
| 008 |
730419s1973 ksu b 00000beng |
| 010 |
|
|
|a 73006818
|
| 020 |
|
|
|a 0700601082
|
| 035 |
|
|
|a (OCoLC)00622626
|
| 035 |
|
|
|9 ABL1237AM
|
| 040 |
|
|
|a DLC
|c DLC
|d TXA
|d UtOrBLW
|
| 049 |
|
|
|a TXAM
|c [1132235]
|
| 050 |
|
0 |
|a BX4705.S36
|b L53
|
| 082 |
0 |
|
|a 282/.092/4
|a B
|
| 100 |
1 |
|
|a Lievsay, John Leon.
|
| 245 |
1 |
0 |
|a Venetian Phoenix: Paolo Sarpi and some of his English friends (1606-1700).
|
| 264 |
|
1 |
|a Lawrence :
|b University Press of Kansas,
|c [1973]
|
| 300 |
|
|
|a 262 pages ;
|c 23 cm.
|
| 336 |
|
|
|a text
|b txt
|2 rdacontent
|
| 337 |
|
|
|a unmediated
|b n
|2 rdamedia
|
| 338 |
|
|
|a volume
|b nc
|2 rdacarrier
|
| 504 |
|
|
|a Bibliography: pages 235-250.
|
| 600 |
1 |
0 |
|a Sarpi, Paolo,
|d 1552-1623.
|
| 999 |
|
|
|a MARS
|
| 999 |
f |
f |
|s b79206d9-4bd5-332f-afad-23c145e316b0
|i fe802502-8e07-384b-be33-3f41bd3d4969
|t 0
|
| 952 |
f |
f |
|p ric
|a Texas A&M University
|b Rellis Campus
|c Joint Library Facility
|d Remote Storage
|t 0
|e BX4705.S36 L53
|h Library of Congress classification
|i unmediated -- volume
|m A14801821422
|
| 998 |
f |
f |
|a BX4705.S36 L53
|t 0
|l Remote Storage
|